00000000nas 2200000zi 4500
0019.507064
003CaOODSP
00520250903125244
006m     o  d f      
007cr cn ||||||||
008150406c20049999oncar p o    f0   a0eng|d
022 |a1497-942X|y1484-8503|y1711-5523
040 |aCaOODSP|beng|erda|cCaOODSP
043 |an-cn---
0861 |aNR1-1E-PDF
1102 |aNational Research Council Canada.|eauthor, |eissuing body.
2101 |aAnnu. rep. - Natl. Res. Counc. Can. |b(Online)
222 0|aAnnual report - National Research Council Canada |b(Online)
24010|aAnnual report (2004)
24510|aAnnual report / |cNational Research Council Canada.
24613|aNRC annual report
264 1|a[Ottawa] : |bNational Research Council Canada = Conseil national de recherches, |c[2004]-
310 |aAnnual
336 |atext|btxt|2rdacontent
337 |acomputer|bc|2rdamedia
338 |aonline resource|bcr|2rdacarrier
3621 |aBegan with: 2003/2004.
500 |aEach issue also has a distinctive title.
500 |aIssued also in French under title: Rapport annuel.
515 |aReport year ends March 31.
588 |aDescription based on: 2003/2004; title from PDF cover page.
588 |aLatest issue consulted: 2023/2024.
61020|aNational Research Council Canada|vPeriodicals.
650 0|aResearch|zCanada|vPeriodicals.
650 0|aResearch, Industrial|zCanada|vPeriodicals.
655 7|aPeriodicals|2lcgft
77508|tRapport annuel / |w(CaOODSP)9.503457
7760#|tNational Research Council Canada - annual report |w(CaOODSP)9.805915
78000|tNational Research Council Canada review : |w(CaOODSP)9.950011